| 000 -LEADER |
| fixed length control field |
00359cam a22001337a 4500 |
| 008 - FIXED-LENGTH DATA ELEMENTS--GENERAL INFORMATION |
| fixed length control field |
180718b1915 xxu||||| |||| 00| 0 eng d |
| 082 ## - DEWEY DECIMAL CLASSIFICATION NUMBER |
| Classification number |
B11x38 L763 |
| 100 ## - MAIN ENTRY--PERSONAL NAME |
| Personal name |
Livingstone, R.W. |
| 245 ## - TITLE STATEMENT |
| Title |
The Greek genius and its meaning to us |
| Statement of responsibility, etc. |
by R.W. Livingstone |
| 250 ## - EDITION STATEMENT |
| Edition statement |
2nd |
| 260 ## - PUBLICATION, DISTRIBUTION, ETC. |
| Place of publication, distribution, etc. |
London |
| Name of publisher, distributor, etc. |
OUP |
| Date of publication, distribution, etc. |
1915 |
| 300 ## - PHYSICAL DESCRIPTION |
| Extent |
250p. |
| 650 ## - SUBJECT ADDED ENTRY--TOPICAL TERM |
| Topical term or geographic name entry element |
Civilization, Greek |